The expansive moment : the rise of social anthropology in Britain and Africa 1918-1970 /

Jack Goody's new book explores the history of social anthropology as an emergent discipline in the interwar years. It focuses on key practitioners, such as Malinowski and Fortes, and explores how far ideological approaches adopted by social anthropologists were defined by the institutions in which t...

Full description

Bibliographic Details
Main Author: Goody, Jack
Format: Libro
Language:English
Published: Nueva York Cambridge University Press 1995
Edition:1a. ed.
Subjects:
Online Access:

MARC

LEADER 00000cam a2200000 a 4500
001 006040
003 UAHC_CL
005 20170803120214.0
008 111207s1995 000 eng
020 |a 9780521456661 
040 |a UAHC_CL  |c UAHC_CL  |d UAHC_CL 
082 0 4 |a 306.0941  |b G658  |2 20 
100 1 |a Goody, Jack 
245 1 4 |a The expansive moment :  |b the rise of social anthropology in Britain and Africa 1918-1970 /  |c Jack Goody. 
250 |a 1a. ed. 
260 |b Cambridge University Press  |c 1995  |a Nueva York 
300 |a 235 p. 
520 |a Jack Goody's new book explores the history of social anthropology as an emergent discipline in the interwar years. It focuses on key practitioners, such as Malinowski and Fortes, and explores how far ideological approaches adopted by social anthropologists were defined by the institutions in which they developed, particularly in response to key issues of the time: colonialism, anti-Semitism and communism. Goody focuses on Britain and Africa, and draws on his own wide-ranging personal fieldwork experience. 
521 |a Tradición inglesa 
650 4 |a ETNOLOGIA  |z GRAN BRETAÑA  |x HISTORIA 
650 4 |a ETNOLOGIA  |x HISTORIA 
650 4 |a ETNOLOGIA  |z AFRICA  |x HISTORIA 
653 |a ANTROPOLOGIA 
658 |a Brinck, Guillermo 
900 |a 306.0941 GOD 
942 |c BK 
952 |0 0  |1 0  |4 0  |6 306_094100000000000_GOD  |7 0  |8 General  |9 13291  |a BC  |b BC  |c General  |d 2017-08-03  |l 0  |o 306.0941 GOD  |p 1392493  |r 2026-01-13 00:00:00  |t 1  |w 2017-08-03  |y BK 
999 |c 6040  |d 6040